00379nam a2200133Ia 4500008004100000100001800041245001400059260000900073300003100082440002400113650001700137999001900154952007200173180117s9999 xx 000 0 und d aby Zac Sarian aAgri-Talk c2015 a25 pages, 2015 December 20 aPhilippine Panorama aGOLDEN TOUCH c353513d353513 001040aCLbCLd2018-01-17l0r2018-01-17 00:00:00w2018-01-17ySE